| 000 | 00518nam a2200157 4500 | ||
|---|---|---|---|
| 001 | 116655 | ||
| 003 | ES-MaACL | ||
| 005 | 20230906190738.0 | ||
| 007 | t| | ||
| 008 | 061121s1916 fr r ||||1| fre d | ||
| 100 | 1 |
_aOtlet, Paul. _987931 |
|
| 245 | 1 | 4 |
_aLes Problèmes internationaux et la guerre _b: Tableau des conditions et solutions nouvelles de l'économie, du droit et de la politique / _cPaul Otlet. |
| 260 |
_aGenève : _bAlbert Kunding, _c1916. |
||
| 300 |
_a501 p. ; _c28 cm. |
||
| 852 |
_aES-MaACL _jF-1109 |
||
| 999 |
_c116655 _d116655 |
||